[Event "Oslo Chess Festival 2017"]
[Site "Oslo"]
[Date "2017.09.30"]
[Round "3"]
[White "Chu, Wei Chao"]
[Black "Blomqvist, Erik"]
[Result "1-0"]
[WhiteElo "2340"]
[BlackElo "2521"]
[Annotator "TA"]
[PlyCount "84"]
[EventDate "2017.??.??"]
[EventType "swiss"]
[EventCountry "NOR"]
[SourceTitle "playchess.com"]
[Source "ChessBase"]
[SourceQuality "1"]

{[%evp 15,84,-6,3,0,6,0,0,-36,-55,-42,-33,-31,-37,-47,-44,-47,-33,-33,-33,-33,-33,-33,-31,-48,-38,-31,-33,-47,-28,-12,-16,-31,-31,-33,-34,-49,-7,-47,0,-33,-20,-24,-35,-28,-33,-87,-63,-116,-100,-106,-92,-62,-70,-134,-107,-127,-5,-10,-3,-11,0,-11,0,-115,-101,-127,192,190,637,630,12835]} 1. d4 Nf6 2. Nf3 e6 3. Bf4 d5 4. e3 Bd6 5. Bg3 O-O 6. Nbd2 b6 7. c3 {D02: 1 d4 d5 2 Nf3 sidelines, including 2...Nf6 3 g3 and 2...Nf6 3 Bf4} Bb7 8. Bd3 Ne4 {LiveBook: 10 Games} 9. a4 {The position is equal.} (9. Qc2 f5 10. Bxd6 cxd6 11. O-O Nd7 12. c4 Ndf6 13. cxd5 Bxd5 14. Rac1 Qe8 {½-½ (57) Le,Q (2739)-Anand,V (2783) Saint Louis 2017}) 9... a5 10. Qc2 {[%cal Rd2e4]} f5 11. O-O Nxg3 $146 ({Predecessor:} 11... Nd7 12. Nb1 Ndf6 13. Nbd2 Ng4 14. Bxd6 cxd6 {0-1 (22) Kovacevic,S (2355)-Campos Moreno,J (2475) Castellar 1996}) 12. hxg3 Nd7 13. c4 g6 14. Rfc1 c6 15. Qb3 Rb8 16. cxd5 exd5 17. e4 fxe4 18. Nxe4 Bb4 19. Nc3 Qf6 20. Re1 Rbe8 21. Qc2 Kg7 22. Re2 $1 Rxe2 23. Nxe2 Bd6 24. Qd2 Rf7 25. Rf1 c5 26. b3 Re7 27. Nh2 h5 28. Nf3 cxd4 29. Nh4 Ne5 $36 {[%mdl 2048] Black has the initiative.} 30. Nxd4 (30. Bb1 $15) 30... Bc5 31. Ne2 (31. Bb1 $15) 31... Nxd3 $17 32. Qxd3 d4 $1 {[%cal Bd5d4,Bd4d3][%mdl 32]} 33. Nf4 {[%cal Rh4g6]} Be4 34. Qd1 {[#]} (34. Qb5 $15) 34... d3 $1 {[%mdl 512]} 35. Kh1 {[#] next f3 is good for White.} (35. Nxd3 Rd7) 35... Qg5 (35... Rd7 $1 $17 {And now ...d2 would win.} 36. Re1 Rd4) 36. Nf3 $1 $11 {[%cal Rf3g5]} Qf5 37. Nh4 $1 {[%cal Rh4f5]} Qg5 38. Nf3 $1 {[%cal Rf3g5]} Qf6 (38... Qg4 $11) 39. Nh4 $17 {[#] Black should prevent f3.} Rd7 $1 {Strongly threatening ...d2.} 40. Re1 Bxf2 $2 {[%mdl 8192]} (40... Rd4 $17 {White must now prevent ...d2.} 41. Nf3 Bxf3 42. Qxf3 d2) 41. Rxe4 $18 Bxg3 $2 (41... d2) 42. Nhxg6 Kf7 {Precision: White = 53%, Black = 42%.} 1-0

[Event "Oslo Chess Festival 2017"]
[Site "Oslo"]
[Date "2017.09.30"]
[Round "3"]
[White "Mikalsen, Erlend"]
[Black "Lillevold, Frode"]
[Result "1-0"]
[WhiteElo "2322"]
[BlackElo "2128"]
[Annotator "NA"]
[PlyCount "94"]
[EventDate "2017.??.??"]
[EventType "swiss"]
[EventCountry "NOR"]
[SourceTitle "playchess.com"]
[Source "ChessBase"]
[SourceQuality "1"]
[TimeControl "5400+30"]

1. e4 {[%emt 0:06:04]} e5 {[%emt 0:01:04]} 2. Nf3 {[%emt 0:00:22]} Nc6 {[%emt 0:00:19]} 3. Bb5 {[%emt 0:00:03]} Nf6 {[%emt 0:01:00]} 4. O-O {[%emt 0:00:20]} Nxe4 {[%emt 0:00:06]} 5. d4 {[%emt 0:00:04]} Nd6 {[%emt 0:00:13]} 6. Bxc6 {[%emt 0:00:04]} dxc6 {[%emt 0:00:12]} 7. dxe5 {[%emt 0:00:02]} Nf5 {[%emt 0:00:16]} 8. Qxd8+ {[%emt 0:00:04]} Kxd8 {[%emt 0:00:10]} 9. Nc3 {[%emt 0:00:04]} Ne7 {[%emt 0:00:47]} 10. Rd1+ {[%emt 0:00:20]} Ke8 {[%emt 0:00:38]} 11. h3 {[%emt 0:04:39]} Ng6 {[%emt 0:03:05]} 12. Ne4 {[%emt 0:04:38]} Bf5 {[%emt 0:07:15]} 13. Re1 {[%emt 0:00:13]} Rd8 {[%emt 0:01:56]} 14. g4 {[%emt 0:24:07]} Bxe4 {[%emt 0:09:12]} 15. Rxe4 {[%emt 0:00:05]} Rd1+ {[%emt 0:00:10]} 16. Kg2 {[%emt 0:00:20]} Be7 {[%emt 0:02:35]} 17. b3 {[%emt 0:02:57]} Nh4+ {[%emt 0:14:26]} 18. Nxh4 {[%emt 0:00:19]} Bxh4 {[%emt 0:00:00]} 19. Re2 {[%emt 0:03:51]} Bg5 {[%emt 0:14:47]} 20. Bb2 {[%emt 0:00:05]} Rxa1 {[%emt 0:00:14]} 21. Bxa1 {[%emt 0:00:02]} h5 {[%emt 0:03:12]} 22. Re4 {[%emt 0:04:34]} hxg4 {[%emt 0:01:13]} 23. hxg4 {[%emt 0:06:01]} Bc1 {[%emt 0:08:46]} 24. e6 {[%emt 0:02:40]} Rh7 {[%emt 0:09:08]} 25. exf7+ {[%emt 0:02:32]} Kxf7 {[%emt 0:02:07]} 26. Be5 {[%emt 0:00:50]} Rh6 {[%emt 0:11:24]} 27. Bxc7 {[%emt 0:00:26]} c5 {[%emt 0:03:45]} 28. f4 {[%emt 0:04:38]} b5 {[%emt 0:02:23]} 29. f5 {[%emt 0:00:38]} b4 {[%emt 0:01:03]} 30. Bf4 {[%emt 0:04:53]} Bxf4 {[%emt 0:00:13]} 31. Rxf4 {[%emt 0:00:02]} Ra6 {[%emt 0:01:48]} 32. Rc4 {[%emt 0:00:08]} Rxa2 {[%emt 0:00:59]} 33. Rxc5 {[%emt 0:00:05]} a5 {[%emt 0:00:07]} 34. Rc7+ {[%emt 0:13:59]} Kf8 {[%emt 0:00:13]} 35. Kg3 {[%emt 0:02:34]} a4 {[%emt 0:00:20]} 36. bxa4 Rxa4 {[%emt 0:00:01]} 37. Kh4 {[%emt 0:00:46]} Ra3 {[%emt 0:01:45]} 38. Rc8+ {[%emt 0:02:10]} Kf7 {[%emt 0:00:24]} 39. g5 {[%emt 0:00:13]} b3 {[%emt 0:01:40]} 40. cxb3 {[%emt 0:00:37]} Rxb3 {[%emt 0:00:06]} 41. g6+ {[%emt 0:00:12]} Ke7 {[%emt 0:00:51]} 42. Rg8 {[%emt 0:01:00]} Kf6 {[%emt 0:00:50]} 43. Rf8+ {[%emt 0:00:04]} Ke5 {[%emt 0:00:35]} 44. f6 {[%emt 0:00:53]} Rb4+ {[%emt 0:00:43]} 45. Kh5 {[%emt 0:01:55]} Rb7 {[%emt 0:00:28]} 46. fxg7 {[%emt 0:01:30]} Rxg7 {[%emt 0:00:02]} 47. Kh6 {[%emt 0:00:25]} Kd5 {[%emt 0:00:44]} 1-0

[Event "Oslo Chess Festival 2017"]
[Site "Oslo"]
[Date "2017.09.30"]
[Round "3"]
[White "Gabrielsen, Stig"]
[Black "Li, Di"]
[Result "0-1"]
[WhiteElo "2314"]
[BlackElo "2459"]
[Annotator "TA"]
[PlyCount "74"]
[EventDate "2017.??.??"]
[EventType "swiss"]
[EventCountry "NOR"]
[SourceTitle "playchess.com"]
[Source "ChessBase"]
[SourceQuality "1"]

{[%evp 21,74,24,39,0,39,32,38,20,27,37,35,11,44,55,44,24,26,28,44,0,0,0,0,0,-18,-35,-27,-85,-80,-178,-175,-163,-163,-171,-171,-151,-149,-384,-367,-486,-462,-481,-438,-559,-565,-563,-549,-588,-569,-704,-697,-682,-672,-769,-708]} 1. e4 e6 2. d4 d5 3. Nc3 dxe4 4. Nxe4 Bd7 5. Nf3 Bc6 6. Bd3 Nd7 7. O-O Ngf6 8. Ned2 Be7 9. Re1 O-O 10. Nc4 b6 {C10: French with 3 Nc3: Unusual Black 3rd moves and 3...dxe4} 11. c3 Bb7 {LiveBook: 13 Games} 12. b4 Qc8 $146 {The position is equal.} ({Predecessor:} 12... a5 13. b5 Rc8 14. Nce5 Nxe5 15. dxe5 Bxf3 16. Qxf3 Nd7 17. Rd1 Nxe5 18. Bxh7+ Kxh7 {0-1 (61) Najer,E (2624)-Anastasian,A (2568) Moscow 2005}) 13. Bg5 h6 14. Bd2 Rd8 15. Qe2 a5 16. b5 c5 17. Nfe5 {Threatens to win with Nxf7!} Bd5 $1 18. Ne3 Nxe5 19. dxe5 Be4 20. Bxe4 Nxe4 21. Nc4 Nxd2 22. Nxd2 {[#]} c4 $1 $36 {[%cal Bc5c4,Bc4c3][%mdl 2592] Black is more active.} 23. a4 (23. Nxc4 Qc5) 23... Rd3 24. Red1 (24. Ne4 $11 {keeps the balance.}) 24... Rxc3 $17 25. Rac1 (25. Ne4 $17 Rb3 26. Nd6 Bxd6 27. exd6) 25... Rxc1 $19 26. Rxc1 {[#]} c3 $1 27. Nc4 {[#]} Qc5 $1 28. Rxc3 Rc8 {And now ...Qd4 would win.} 29. g3 $2 (29. Rc2 $17 Qb4 30. Ne3 Rxc2 31. Qxc2) 29... Qd4 30. Rc2 Qa1+ {Black is clearly winning.} 31. Kg2 Qxa4 32. Ne3 Rxc2 33. Nxc2 Qb3 34. f3 Bc5 35. h4 a4 {[%cal Ba5a4,Ba4a3,Ba3a2][%mdl 32]} 36. Qe4 a3 37. h5 a2 {Precision: White = 16%, Black = 86%.} 0-1

[Event "Oslo Chess Festival 2017"]
[Site "Oslo"]
[Date "2017.09.30"]
[Round "3"]
[White "Dolzhykova, Kateryna"]
[Black "Xu, Yi"]
[Result "0-1"]
[WhiteElo "2270"]
[BlackElo "2439"]
[Annotator "TA"]
[PlyCount "53"]
[EventDate "2017.??.??"]
[EventType "swiss"]
[EventCountry "NOR"]
[SourceTitle "playchess.com"]
[Source "ChessBase"]
[SourceQuality "1"]

{[%evp 25,53,-14,-5,-25,-10,-353,-346,-340,-346,-354,-350,-307,-347,-777,-711,-775,-739,-834,-790,-1022,-1004,-972,-937,-1631,-1619,-1557,-1522,-1626,-1499,-29999]} 1. e4 c5 2. Nf3 Nc6 3. Bb5 g6 4. Bxc6 bxc6 5. O-O Bg7 6. Re1 Nf6 {[%cal Bg8f6,Bf6d5,Bd5c7,Bc7e6][%mdl 32]} 7. e5 Nd5 8. c4 Nc7 9. d4 cxd4 10. Qxd4 Ne6 11. Qh4 {B31: Sizilianisch (Rossolimo-Variante)} d6 12. Nc3 (12. exd6 Qxd6 13. Nc3 h5 14. Bd2 O-O 15. Ne4 Qc7 16. Bc3 f6 17. Qg3 Qxg3 18. hxg3 Rd8 {½-½ (56) Anand,V (2783)-Kasparov,G (2812) Saint Louis 2017}) 12... dxe5 13. Nxe5 Qc7 {LiveBook: 3 Partien} 14. Qe4 $146 ({Vorgänger:} 14. Nf3 h6 15. Bd2 f5 16. Qg3 Qxg3 17. hxg3 Nc5 18. Be3 Nd3 {½-½ (45) Karavade,E (2418)-Vakhidov,J (2561) Moscow 2017}) 14... O-O 15. b4 $2 {[%mdl 8192] [#]} ({Jedoch nicht} 15. Nxc6 $2 Bxc3 16. Bf4 Qxf4 $19) (15. f4 $11 {und Weiss steht sicher.}) 15... f5 $19 {[%cal Bf7f5,Bf5f4][%mdl 32]} 16. Qe3 f4 17. Qe4 Rf5 18. Nxc6 {[#] Schwarz muss nun Lb2 beachten.} Bxc3 19. Nxe7+ $2 (19. Ba3 Bxa1 20. Rxa1) 19... Qxe7 {Schwarz steht klar auf Gewinn.} 20. Qxa8 Rf8 21. Ba3 Bxa1 22. Rxa1 Bb7 23. Qxa7 Ra8 24. b5 Qg7 ({Nicht} 24... Rxa7 25. Bxe7 f3 26. gxf3 $17) 25. Qxa8+ Bxa8 26. Rb1 Qc3 27. Bc1 0-1

[Event "Oslo Chess Festival 2017"]
[Site "Oslo"]
[Date "2017.09.30"]
[Round "3"]
[White "Vestby-Ellingsen, Mads"]
[Black "Nilsen, Tobias Lang"]
[Result "1/2-1/2"]
[WhiteElo "2262"]
[BlackElo "1899"]
[Annotator "NA"]
[PlyCount "119"]
[EventDate "2017.??.??"]
[EventType "swiss"]
[EventCountry "NOR"]
[SourceTitle "playchess.com"]
[Source "ChessBase"]
[SourceQuality "1"]
[TimeControl "5400+30"]

1. Nf3 {[%emt 0:00:01]} d5 {[%emt 0:00:30]} 2. d4 {[%emt 0:01:14]} Nf6 {[%emt 0:00:28]} 3. c4 {[%emt 0:00:16]} e6 {[%emt 0:00:38]} 4. Nc3 {[%emt 0:01:21]} Bb4 {[%emt 0:01:48]} 5. e3 {[%emt 0:08:37]} O-O {[%emt 0:05:34]} 6. Bd3 {[%emt 0:00:28]} b6 {[%emt 0:02:57]} 7. O-O {[%emt 0:01:14]} Bb7 {[%emt 0:02:17]} 8. a3 {[%emt 0:03:48]} Bxc3 {[%emt 0:01:56]} 9. bxc3 {[%emt 0:00:10]} Nbd7 {[%emt 0:02:40]} 10. cxd5 {[%emt 0:05:21]} exd5 {[%emt 0:00:40]} 11. c4 {[%emt 0:00:42]} dxc4 {[%emt 0:03:07]} 12. Bxc4 {[%emt 0:00:19]} c5 {[%emt 0:02:28]} 13. Bb2 {[%emt 0:00:32]} Rc8 {[%emt 0:01:52]} 14. d5 {[%emt 0:18:05]} a6 {[%emt 0:03:38]} 15. a4 {[%emt 0:01:32]} b5 {[%emt 0:06:37]} 16. axb5 {[%emt 0:00:17]} axb5 {[%emt 0:00:07]} 17. Bxb5 {[%emt 0:02:25]} Bxd5 {[%emt 0:02:48]} 18. Ne5 {[%emt 0:16:50]} Nxe5 {[%emt 0:05:17]} 19. Bxe5 {[%emt 0:00:10]} Bc6 {[%emt 0:01:41]} 20. Ba6 {[%emt 0:03:52]} Ra8 {[%emt 0:10:04]} 21. Bd6 {[%emt 0:02:04]} Re8 {[%emt 0:04:41]} 22. Bxc5 {[%emt 0:00:44]} Nd7 {[%emt 0:01:04]} 23. Bd4 {[%emt 0:08:11]} Qg5 {[%emt 0:02:47]} 24. f3 {[%emt 0:00:14]} Ne5 {[%emt 0:04:29]} 25. Qe2 {[%emt 0:06:44]} Ng6 {[%emt 0:03:35]} 26. Kh1 {[%emt 0:00:30]} Nh4 {[%emt 0:02:46]} 27. Qf2 {[%emt 0:04:36]} Nf5 {[%emt 0:05:52]} 28. e4 {[%emt 0:03:08]} Nxd4 {[%emt 0:00:41]} 29. Qxd4 {[%emt 0:00:08]} Rad8 {[%emt 0:01:06]} 30. Qc3 {[%emt 0:00:49]} Rd2 {[%emt 0:04:50]} 31. Rg1 {[%emt 0:00:07]} Rd6 {[%emt 0:00:28]} 32. Ra5 {[%emt 0:04:20]} Qh4 {[%emt 0:02:42]} 33. Qe1 {[%emt 0:01:08]} Qf4 {[%emt 0:01:26]} 34. Qc1 {[%emt 0:02:14]} Qh4 {[%emt 0:01:52]} 35. g3 {[%emt 0:05:42]} Qf6 {[%emt 0:00:49]} 36. Qf4 {[%emt 0:00:56]} Qxf4 {[%emt 0:01:53]} 37. gxf4 {[%emt 0:00:01]} Rxe4 {[%emt 0:04:52]} 38. Bb5 {[%emt 0:00:06]} Re8 {[%emt 0:01:05]} 39. Bxc6 {[%emt 0:00:08]} Rxc6 {[%emt 0:00:08]} 40. Rag5 {[%emt 0:01:25]} g6 {[%emt 0:01:08]} 41. f5 {[%emt 0:00:44]} Kg7 {[%emt 0:01:04]} 42. fxg6 {[%emt 0:00:12]} hxg6 {[%emt 0:01:12]} 43. R5g2 {[%emt 0:00:27]} Rf6 {[%emt 0:00:36]} 44. Rf2 {[%emt 0:00:11]} Re3 {[%emt 0:00:19]} 45. Rg3 {[%emt 0:00:55]} Rfe6 {[%emt 0:00:45]} 46. f4 {[%emt 0:00:40]} Re1+ {[%emt 0:00:45]} 47. Kg2 {[%emt 0:00:07]} R1e2 {[%emt 0:00:18]} 48. Kg1 {[%emt 0:00:35]} Re1+ {[%emt 0:00:35]} 49. Kg2 {[%emt 0:00:13]} R1e2 {[%emt 0:00:13]} 50. Rgf3 {[%emt 0:00:14]} Rxf2+ {[%emt 0:00:15]} 51. Kxf2 {[%emt 0:00:15]} Rf6 {[%emt 0:00:31]} 52. Kg3 {[%emt 0:00:09]} Rf5 {[%emt 0:00:18]} 53. Kg4 {[%emt 0:00:17]} Rh5 {[%emt 0:01:32]} 54. h4 {[%emt 0:00:11]} Ra5 {[%emt 0:00:20]} 55. Rc3 {[%emt 0:00:17]} Rf5 {[%emt 0:00:34]} 56. Rh3 {[%emt 0:00:58]} Rh5 {[%emt 0:00:20]} 57. Rh1 {[%emt 0:00:12]} Kf6 {[%emt 0:02:18]} 58. Kg3 {[%emt 0:00:18]} Ra5 {[%emt 0:00:37]} 59. Kg4 {[%emt 0:00:10]} Rh5 {[%emt 0:00:07]} 60. Ra1 {[%emt 0:00:16] Ke5} 1/2-1/2

[Event "Oslo Chess Festival 2017"]
[Site "Oslo"]
[Date "2017.09.30"]
[Round "3"]
[White "Li, Xueyi"]
[Black "Stark, Lars"]
[Result "0-1"]
[WhiteElo "2157"]
[BlackElo "2397"]
[Annotator "NA"]
[PlyCount "103"]
[EventDate "2017.??.??"]
[EventType "swiss"]
[EventCountry "NOR"]
[SourceTitle "playchess.com"]
[Source "ChessBase"]
[SourceQuality "1"]
[TimeControl "5400+30"]

1. d4 {[%emt 0:00:03]} Nf6 {[%emt 0:00:15]} 2. c4 {[%emt 0:00:06]} e6 {[%emt 0:00:28]} 3. g3 {[%emt 0:00:06]} Bb4+ {[%emt 0:04:14]} 4. Bd2 {[%emt 0:00:57]} Qe7 {[%emt 0:00:08]} 5. Bg2 {[%emt 0:00:09]} Nc6 {[%emt 0:00:54]} 6. e3 {[%emt 0:00:17]} O-O {[%emt 0:02:01]} 7. Ne2 {[%emt 0:03:26]} e5 {[%emt 0:00:55]} 8. d5 {[%emt 0:00:58]} Nb8 {[%emt 0:01:34]} 9. O-O {[%emt 0:01:24]} a5 {[%emt 0:05:45]} 10. Nbc3 {[%emt 0:03:20]} Na6 {[%emt 0:00:47]} 11. a3 {[%emt 0:03:37]} Bxc3 {[%emt 0:00:10]} 12. Nxc3 {[%emt 0:01:10]} Nc5 {[%emt 0:01:08]} 13. e4 {[%emt 0:08:38]} d6 {[%emt 0:06:15]} 14. Be3 {[%emt 0:03:55]} Ng4 {[%emt 0:04:41]} 15. Bxc5 {[%emt 0:11:22]} dxc5 {[%emt 0:00:06]} 16. h3 {[%emt 0:00:06]} Nf6 {[%emt 0:00:30]} 17. f4 {[%emt 0:00:49]} Ne8 {[%emt 0:00:18]} 18. Qh5 {[%emt 0:02:11]} f6 {[%emt 0:05:37]} 19. f5 {[%emt 0:18:09]} a4 {[%emt 0:00:50]} 20. Qe2 {[%emt 0:03:31]} Bd7 {[%emt 0:01:16]} 21. Qe3 {[%emt 0:02:05]} b6 {[%emt 0:03:48]} 22. Rf2 {[%emt 0:02:09]} Nd6 {[%emt 0:01:32]} 23. Bf1 {[%emt 0:02:40]} g5 {[%emt 0:05:20]} 24. Bd3 {[%emt 0:11:23]} Kf7 {[%emt 0:02:55]} 25. Qe2 {[%emt 0:01:13]} Ke8 {[%emt 0:00:15]} 26. Qh5+ {[%emt 0:01:38]} Qf7 {[%emt 0:00:11]} 27. Qe2 {[%emt 0:00:21]} Ke7 {[%emt 0:00:17]} 28. Re1 {[%emt 0:01:09]} Rg8 {[%emt 0:00:34]} 29. Qd1 {[%emt 0:00:59]} Kd8 {[%emt 0:05:37]} 30. Be2 {[%emt 0:03:02]} Kc8 {[%emt 0:00:18]} 31. Bd3 {[%emt 0:00:29]} Kb7 {[%emt 0:02:40]} 32. Rh2 {[%emt 0:00:43]} Kc8 {[%emt 0:03:28]} 33. Rf2 {[%emt 0:00:06]} Kd8 {[%emt 0:00:17]} 34. Be2 {[%emt 0:00:38]} Ke7 {[%emt 0:00:04]} 35. Bd3 {[%emt 0:00:38]} Rg7 {[%emt 0:02:38]} 36. Rh2 {[%emt 0:01:31]} Qe8 {[%emt 0:02:15]} 37. Qe2 {[%emt 0:00:22]} Qb8 {[%emt 0:02:02]} 38. Qd1 {[%emt 0:00:29]} Qa7 {[%emt 0:00:59]} 39. Kh1 {[%emt 0:00:43]} Rag8 {[%emt 0:00:44]} 40. Bc2 {[%emt 0:03:13]} Qa6 {[%emt 0:03:35]} 41. Bxa4 {[%emt 0:01:22]} Bxa4 {[%emt 0:01:34]} 42. Qxa4 {[%emt 0:00:10]} Qxa4 {[%emt 0:00:31]} 43. Nxa4 {[%emt 0:00:14]} Ra8 {[%emt 0:05:39]} 44. b3 {[%emt 0:06:40]} Rgg8 {[%emt 0:00:59]} 45. Ra2 {[%emt 0:00:23]} Rxa4 {[%emt 0:00:39]} 46. bxa4 {[%emt 0:00:09]} Ra8 {[%emt 0:00:12]} 47. g4 {[%emt 0:02:49]} Rxa4 {[%emt 0:00:04]} 48. h4 {[%emt 0:00:04]} gxh4 {[%emt 0:05:25]} 49. Rh2 {[%emt 0:02:09]} Nf7 {[%emt 0:06:10]} 50. Rxh4 {[%emt 0:00:47]} h6 {[%emt 0:00:28]} 51. Rd1 {[%emt 0:00:38]} Kd6 {[%emt 0:01:58]} 52. Rc1 {[%emt 0:00:47]} 0-1

[Event "Oslo Chess Festival 2017"]
[Site "Oslo"]
[Date "2017.09.30"]
[Round "3"]
[White "Bentsen, Hakon"]
[Black "Bartholomew, John"]
[Result "0-1"]
[WhiteElo "2071"]
[BlackElo "2449"]
[Annotator "TA"]
[PlyCount "50"]
[EventDate "2017.??.??"]
[EventType "swiss"]
[EventCountry "NOR"]
[SourceTitle "playchess.com"]
[Source "ChessBase"]
[SourceQuality "1"]

{[%evp 25,50,-84,-75,-75,-70,-332,-236,-242,-239,-245,-242,-240,-213,-229,-157,-220,-142,-156,-167,-157,-155,-255,-211,-769,-781,-781,-781]} 1. e4 c5 2. Nf3 d6 3. d4 cxd4 4. Nxd4 Nf6 5. Nc3 Nc6 6. Be3 e5 7. Nb3 Be7 8. f3 O-O 9. Qd2 a5 10. Na4 {B56: Sizilianisch (Abweichung von Sozin- und Richter/Rauser-Variante)} (10. Bb5 Be6 11. O-O Na7 12. Be2 Nc8 13. Bb5 Na7 14. Be2 Nc8 15. Bb5 {½-½ (15) Carlsen,M (2840)-Grischuk,A (2737) Doha 2016}) 10... Be6 11. Nb6 a4 12. Nxa8 Qxa8 13. Nc1 {[#]} a3 $1 {[%cal Ra3b2] LiveBook: 3 Partien} 14. c3 d5 15. Bg5 $146 {[%mdl 8192] [#]} ({Der einzige Zug:} 15. Bd3 $15) ({Vorgänger:} 15. exd5 Nxd5 16. Bf2 Rd8 17. Qc2 axb2 18. Qxb2 Ba3 19. Qc2 Ncb4 {0-1 (19) Fernandez Lopez,J (2143)-Roser,K (2403) La Massana 2015}) 15... Nxe4 $1 {[%mdl 512]} 16. fxe4 {Droht stark b4.} axb2 17. Rb1 bxc1=Q+ ({Auf keinen Fall} 17... bxc1=R+ 18. Qxc1 Bxg5 19. Qxg5) 18. Qxc1 Bxg5 ({Viel schwächer ist} 18... dxe4 19. Bxe7 Nxe7 20. Rb5) 19. Qxg5 Qxa2 20. Rxb7 (20. Bd3 $17 {ist eine bessere Verteidigung.}) 20... Ra8 21. Qd2 {Und weiter mit Dxa2 wäre nett.} Qa1+ ({Natürlich nicht} 21... dxe4 $6 22. Qxa2 Rxa2 23. Rb6 $15) 22. Kf2 d4 $36 {[%mdl 2048] Und ...Ta2 würde nun gewinnen. Schwarz ist am Drücker.} 23. Rb2 (23. Qe1 $17 {war angesagt.} Qa3 24. cxd4 exd4 25. Rb1) 23... h6 $19 {zielt auf ...dxc3 ab.} 24. g3 $2 (24. cxd4 exd4 25. g3) 24... dxc3 25. Qxc3 {[#]} Ra2 $1 {Precision: Weiß = 12%, Schwarz = 81%.} 0-1

[Event "Oslo Chess Festival 2017"]
[Site "Oslo"]
[Date "2017.09.30"]
[Round "3"]
[White "Gonzalez, Francisco Silva"]
[Black "Maksimovic, Branimir"]
[Result "0-1"]
[WhiteElo "2046"]
[BlackElo "2343"]
[Annotator "NA"]
[PlyCount "134"]
[EventDate "2017.??.??"]
[EventType "swiss"]
[EventCountry "NOR"]
[SourceTitle "playchess.com"]
[Source "ChessBase"]
[SourceQuality "1"]
[TimeControl "5400+30"]

1. d4 {[%emt 0:00:58]} d6 {[%emt 0:00:14]} 2. e4 {[%emt 0:01:04]} Nf6 {[%emt 0:00:04]} 3. f3 {[%emt 0:00:11]} Nc6 {[%emt 0:02:44]} 4. Ne2 {[%emt 0:02:26]} e5 {[%emt 0:00:38]} 5. d5 {[%emt 0:01:43]} Ne7 {[%emt 0:01:49]} 6. c4 {[%emt 0:00:27]} Ng6 {[%emt 0:01:57]} 7. Nbc3 {[%emt 0:01:06]} Be7 {[%emt 0:00:04]} 8. Be3 {[%emt 0:01:46]} Nh5 {[%emt 0:01:51]} 9. Qd2 {[%emt 0:00:13]} h6 {[%emt 0:00:18]} 10. g3 {[%emt 0:01:06]} Bg5 {[%emt 0:00:22]} 11. h4 {[%emt 0:03:25]} Bxe3 {[%emt 0:00:22]} 12. Qxe3 {[%emt 0:00:14]} O-O {[%emt 0:03:30]} 13. g4 {[%emt 0:02:16]} Nhf4 {[%emt 0:00:37]} 14. h5 {[%emt 0:00:06]} Nxe2 {[%emt 0:01:26]} 15. Nxe2 {[%emt 0:00:52]} Nh8 {[%emt 0:00:11]} 16. c5 {[%emt 0:01:31]} f6 {[%emt 0:01:15]} 17. O-O-O {[%emt 0:00:24]} Nf7 {[%emt 0:00:10]} 18. Nc3 {[%emt 0:00:30]} Ng5 {[%emt 0:16:16]} 19. Be2 {[%emt 0:01:23]} Bd7 {[%emt 0:00:33]} 20. Kb1 {[%emt 0:00:28]} Qe7 {[%emt 0:00:55]} 21. cxd6 {[%emt 0:07:22]} cxd6 {[%emt 0:00:05]} 22. Rc1 {[%emt 0:00:09]} Rfc8 {[%emt 0:00:50]} 23. Rc2 {[%emt 0:02:17]} Qd8 {[%emt 0:05:23]} 24. Rhc1 {[%emt 0:01:00]} Qa5 {[%emt 0:00:24]} 25. Nd1 {[%emt 0:18:10]} Rxc2 {[%emt 0:00:58]} 26. Rxc2 {[%emt 0:00:39]} Rc8 {[%emt 0:03:29]} 27. Rxc8+ {[%emt 0:04:11]} Bxc8 {[%emt 0:00:02]} 28. Qc3 {[%emt 0:00:22]} Qxc3 {[%emt 0:00:28]} 29. Nxc3 {[%emt 0:07:49]} Bd7 {[%emt 0:00:11]} 30. b4 {[%emt 0:02:39]} Kf8 {[%emt 0:00:44]} 31. a4 {[%emt 0:00:40]} Ke7 {[%emt 0:00:34]} 32. Kc2 {[%emt 0:00:27]} Be8 {[%emt 0:00:48]} 33. Kd2 {[%emt 0:00:50]} g6 {[%emt 0:00:20]} 34. hxg6 {[%emt 0:00:21]} Bxg6 {[%emt 0:00:02]} 35. a5 {[%emt 0:00:19]} Be8 {[%emt 0:04:06]} 36. Ke3 {[%emt 0:00:42]} h5 {[%emt 0:05:08]} 37. gxh5 {[%emt 0:00:21]} Bxh5 {[%emt 0:00:05]} 38. a6 {[%emt 0:00:08]} bxa6 {[%emt 0:00:14]} 39. Bxa6 {[%emt 0:03:54]} Bxf3 {[%emt 0:00:12]} 40. Bd3 {[%emt 0:00:12]} Kd7 {[%emt 0:08:23]} 41. Bf1 {[%emt 0:00:45]} Ke7 {[%emt 0:11:12]} 42. Bd3 {[%emt 0:00:29]} Bg2 {[%emt 0:01:09]} 43. Kf2 {[%emt 0:01:21]} Bh3 {[%emt 0:00:24]} 44. Nb5 {[%emt 0:00:27]} a6 {[%emt 0:01:12]} 45. Nc7 {[%emt 0:01:34]} Kd7 {[%emt 0:05:30]} 46. Nxa6 {[%emt 0:00:58]} Kc8 {[%emt 0:00:06]} 47. b5 {[%emt 0:02:40]} Kb7 {[%emt 0:00:13]} 48. Nb4 {[%emt 0:00:50]} Kb6 {[%emt 0:00:24]} 49. Nc6 {[%emt 0:01:11]} Bg4 {[%emt 0:02:43]} 50. Nb4 {[%emt 0:10:27]} Bd7 {[%emt 0:02:02]} 51. Nc6 {[%emt 0:00:13]} Nh3+ {[%emt 0:04:03]} 52. Ke3 {[%emt 0:02:59]} Nf4 {[%emt 0:00:04]} 53. Bf1 {[%emt 0:01:31]} f5 {[%emt 0:01:33]} 54. Ne7 {[%emt 0:05:07]} fxe4 {[%emt 0:00:07]} 55. Kxe4 {[%emt 0:00:33]} Kc5 {[%emt 0:00:03]} 56. Nc6 {[%emt 0:00:30]} Nxd5 {[%emt 0:00:30]} 57. Nxe5 {[%emt 0:01:44]} Nf6+ {[%emt 0:03:20]} 58. Kf4 {[%emt 0:00:07]} Nh5+ {[%emt 0:00:24]} 59. Kg5 {[%emt 0:04:25]} dxe5 {[%emt 0:00:50]} 60. Kxh5 {[%emt 0:00:07]} Bxb5 {[%emt 0:00:09]} 61. Bg2 {[%emt 0:02:54]} Bc6 {[%emt 0:00:49]} 62. Bf1 {[%emt 0:00:06]} Kd4 {[%emt 0:00:18]} 63. Kg4 {[%emt 0:00:14]} Ke3 {[%emt 0:00:39]} 64. Kg3 {[%emt 0:00:22]} Kd2 {[%emt 0:00:35]} 65. Bh3 {[%emt 0:01:00]} e4 {[%emt 0:00:12]} 66. Bg2 {[%emt 0:01:54]} e3 {[%emt 0:00:21]} 67. Bf1 {[%emt 0:00:01]} Be4 {[%emt 0:02:28]} 0-1